00518cam a2200169 a 4500001001000000003000400010005001700014008004100031040002500072082002000097100003500117245004900152260004500201300003000246650003000276650004200306000010230OSt20201002031104.0820309s1981 pr a 000 p spa  aDO-SdBNPbspacBNPHU aPR861.44bP171a1 aPalma, Marigloria,d1921-1994.10aAire habitado :bpoemas /cMarigloria Palma. aSan Juan, Puerot Rico :bMairena,c1981. a73 p. :bil., , ;c22 cm. 4aPoesía puertorriqueña 4aLiteratura puertorriqueñaySIGLO XX